Jusqu'où irez vous ? #32 (Sport) - Statistiques

Statistiques générales
  • Ce quiz a été pris 172 fois
  • Le résultat moyen est 3 sur 20
Statistiques - réponses
Hint Réponse % Correct
Tapez les deux premières lettres d'un des 20 noms de famille de tennismans présents dans le top 20 du classement atp à la fin 1996 Sampras ChangKafelnikov Ivanišević Muster Becker Krajicek Agassi Enqvist Ferreira Ríos Martin Costa Edberg Siemerink Stich Gustafsson Mantilla Berasategui Washington
100%
Tapez les deux premières lettres d'un des 19 noms de famille de cyclistes (homme) présents dans les 19 premiers de Paris Roubaix 2005 BoonenHincapie Flecha
Bäckstedts
Michaelsen van Bon Brard Cancellara Hushovd Coyot Guesdon Gusev Thijs Mattan Hulsmans Wesemann Høj O'Grady Horrillo
58%
Tapez les deux premières lettres d'un des 18 noms de famille de golfeurs (homme) présents dans le top 18 du classement mondial à la sortie de ce quiz (Official World Golf Ranking 20.04.2026) SchefflerMcIlroy Fitzpatrick Young Rose Morikawa Fleetwood Henley Schauffele Spaun Gotterup MacIntyre Straka Aberg Matsuyama Griffin Thomas English
36%
Tapez les deux premières lettres d'un des 17 noms de famille de pilotes F1 qui ont terminé le grand prix automobile d'Espagne 2000 (à Barcelone) HäkkinenCoulthard
Barrichello Schumacher Schumacher Frentzen Salo Zonta Fisichella Wurz Irvine Trulli Herbert Gené Mazzacane Heidfeld Button
31%
Tapez les deux premières lettres d'un des 15 noms de famille de rugbymans français présents au coup d'envoi de la finale de la coupe du Monde 1999 Garbajosa
Bernat-Salles
Ntamack
Dourthe
Dominici
Lamaison
Galthié
Juillet
Magne
Lièvremont
Pelous
Benazzi
Tournaire
Ibañez
Soulette
29%
Tapez les deux premières lettres d'un des 15 noms de famille de skieurs présents dans le top 16 de la descente olympique des JO de Sochi en 2014 (un mis en piège pour le fun) Mayer Innerhofer Jansrud Svindal Ganong Janka Fill Miller Franz Guay Paris Feuz Défago Küng Poisson Heel (piégé)
21%
Tapez les deux premières lettres d'un des 14 noms de famille de footballeurs allemands ayant joué la finale de la Coupe du Monde de 2002 contre le Brésil Kahn
Metzelder
Ramelow
Linke
Bode Jeremies
Hamann
Frings Schneider Neuville Klose Bierhoff Asamoah Ziege
15%
Tapez les deux premières lettres d'un des 13 noms de famille de pilotes moto GP dans le top 13 du championnat du monde 2019 (catégorie reine de vitesse) MárquezDovizioso Viñales Rins Quartararo Petrucci Rossi Miller Crutchlow Morbidelli Espargaró Mir Nakagami
14%
Tapez les deux premières lettres d'un des 12 noms de famille de basketteurs français ayant disputé la finale des JO de Sydney en 2000 face aux USA SonkoSciarra Rigaudeau Foirest Bonato Dioumassi Risacher Gadou Julian Palmer Bilba Weis
12%
Tapez les deux premières lettres d'un des 11 noms de famille de boxeurs étant dans les 11 derniers adversaires de Wladimir Klitschko (dans les 11 derniers combats de la carrière professionnelle de Wladimir Klitschko, c'est à dire les 11 plus récents) JoshuaFury Jennings Pulev Leapai Povetkin Pianeta Wach Thompson Mormeck Haye
8%
Tapez les deux premières lettres d'un des 10 noms de famille de drivers vainqueur d'au moins 3 Prix d'Amérique (Legend Race - trot attelé // stats arrété à 2026 inclus) GougeonFinn Nivard Bazire Verbeeck Mills Gougeon Céran-Maillard Capovilla Goop
3%
Tapez les deux premières lettres d'un des 8 noms de famille de nageurs en finale du 100m papillon masculin en 2009 PhelpsČavić Muñoz Subirats Altes Lauterstein Dunford McGill Mangabeira
3%
Tapez les deux premières lettres d'un des 9 noms de famille d'handballeurs français marqueurs d'au moins un but en finale du Mondial 2017 (hommes) RemiliNarcisse Karabatic Mahé Abalo Sorhaindo Guigou Fabregas Porte
3%
Tapez les deux premières lettres d'un des 6 noms de famille de skippers vainqueur du Vendée Globe entre 2000 et 2025 inclus Desjoyeaux
Riou
Gabart
Le Cléac'h
Bestaven
Dalin
2%
Tapez les deux premières lettres d'un des 4 noms de famille d'athlètes français membres du relais 4x100 m masculin champion du Monde en 2005 Doucouré
Pognon
De Lépine
Dovy
2%
Tapez les deux premières lettres d'un des 7 noms de famille de sprinteurs présents sur le record du monde du 100m d'Usain Bolt en finale des mondiaux 2009 (Bolt ne compte pas bien sûr) GayPowell Bailey Thompson Chambers Burns Patton
2%
Tapez les deux premières lettres d'un des 5 noms de famille de rugbymans français ayant inscrit un essai aux JO de Paris 2024 en demi-finale ou finale (rugby à VII) RebbadjSepho Joseph Grandidier Dupont
2%
Tapez les deux premières lettres d'un des 2 noms de famille de pongistes médaillés de bronze en double messieurs aux JO de Sydney en 2000 ChilaGatien
1%
Tapez les deux premières lettres d'un des 3 noms de famille de français sur le podium du BMX hommes aux JO de Paris en 2024 Daudet André
Mahieu
1%
Tapez les deux premières lettres du nom de famille du champion olympique (homme) de surf aux Jeux olympiques 2024 Vaast
1%
Aucun quiz correspondant
Distribution des résultats
% des personnes avec chaque résultat
Percentile par nombre de réponses
Votre historique - résultats
Vous n’avez pas pris ce quiz